| 000 | 00462nam a22001937a 4500 | ||
|---|---|---|---|
| 003 | CEME | ||
| 005 | 20210628202622.0 | ||
| 008 | 210210b xxu||||| |||| 00| 0 eng d | ||
| 020 | _a81-7808-306-X | ||
| 040 | _c. | ||
| 082 | _a004 JOH | ||
| 100 |
_aJohnson, Deborah G _960778 |
||
| 245 | _aComputer ethics | ||
| 250 | _a3RD | ||
| 260 |
_aINDIA _bPEARSON EDUCATION ASIA _c2002 |
||
| 300 | _aXVI,240P | ||
| 650 |
_aETHICS-COMPUTER _960779 |
||
| 942 |
_cBK _2ddc |
||
| 999 |
_c570420 _d570420 |
||